000 00640nam a2200181Ia 4500
008 090123s9999 xx 000 0 und d
082 _b6808
100 _aमहाजन जगन्नाथ
245 _aचंद्रसेन आणि उडता घोडा
250 _a1
260 _bश्रीराम प्रकाशन
300 _a32
600 _aमहाजन जगन्नाथ
630 _aचंद्रसेन आणि उडता घोडा
700 _aमहाजन जगन्नाथ
730 _aचंद्रसेन आणि उडता घोडा
942 _cBOOK
999 _c44873
_d44873